| 000 | 00798cam a2200277 4500500 | ||
|---|---|---|---|
| 005 | 20260329010135.0 | ||
| 041 | _afre | ||
| 042 | _adc | ||
| 100 | 1 | 0 |
_aLarmagnac-Matheron, Octave _eauthor |
| 245 | 0 | 0 | _aPréhistoire : le temps du mystère |
| 260 | _c2023. | ||
| 500 | _a72 | ||
| 690 | _aCaverne | ||
| 690 | _aChamanisme | ||
| 690 | _aDieux | ||
| 690 | _aGeorges Bataille | ||
| 690 | _aLascaux | ||
| 690 | _aMaurice Blanchot | ||
| 690 | _aMort | ||
| 690 | _aMusée | ||
| 690 | _aMythes | ||
| 690 | _aPréhistoire | ||
| 690 | _aSacré | ||
| 786 | 0 | _nPhilosophie magazine - Hors séries | Hors série - Hiver 2023 | HS56 | 2023-01-01 | p. 44-46 | 2104-9246 | |
| 856 | 4 | 1 | _uhttps://shs.cairn.info/magazine-philosophie-magazine-2023-12-page-44?lang=fr&redirect-ssocas=7080 |
| 999 |
_c1849818 _d1849818 |
||